Krásne aj bez kvetov kry s ozdobnými plodmi

Bibliographic Details
Main Author: Ačová, Danka (Author)
Format: Article
Language:Slovak
PhysicalDescription:Fotogr.
ISSN:0862-5565
Subjects:

MARC

LEADER 00000nab a2200000 ar4500
001 vtls010195392
003 SK-MaSNL
005 20260304013027.0
008 101207c2010 xo ||||||||||||00 b|slo
015 |a SNBRB2010/12  |2 snkbucl 
038 |a SNKBUCL 
040 |a SNKBUCL  |b slo  |c SNKBUCL  |e AACR2 
041 0 |a slo 
044 |a xo  |c SK 
080 |a 635.92.054.076  |2 1997 
100 1 |a Ačová, Danka  |4 aut  |9 1031784 
245 1 0 |a Krásne aj bez kvetov  |b kry s ozdobnými plodmi  |c Danka Ačová 
300 |b Fotogr. 
650 0 7 |a okrasné kry  |2 snkbucl  |9 82772 
650 0 7 |a plody (botanika)  |2 snkbucl  |9 27920 
773 0 |t Záhradkár  |g Roč. XLVI, č. 11 (2010), s. 68-70  |x 0862-5565 
852 |a SNK  |b KIS3GCP 
999 |c 2574250  |d 2576180